Versuch einer allgemeinen Geschichte der Literatur. Für studirende Jünglinge und Freunde der Gelehrsamkeit. von Ludwig Wachler Dritter Band

Bibliographic Details
Main Author: Wachler, Ludwig, 1767-1838 (Author)
Corporate Author: Mayerschen Buchhandlung (Lemgo, Nemecko) (Printer)
Format: Book
Language:German
PhysicalDescription:6 nečíslovaných strán, 420 strán 21 cm‬
Subjects:

MARC

LEADER 00000nam a2200000 4500
001 vtls012235626
003 SK-MaSNL
005 20260301094322.0
008 230725t1796 gw a r 00| 0 ger
015 |a SNBHFA1796 
040 |a SNKHF  |b slo  |c SNK  |e rda 
041 |a ger 
044 |a gw  |c DE 
072 7 |a 82.0  |x Literatúra (teória)  |2 konspekt 
080 |a 82(091)  |2 2011 
100 1 |a Wachler, Ludwig,  |d 1767-1838  |4 aut  |9 427931 
245 1 0 |a Versuch einer allgemeinen Geschichte der Literatur. Für studirende Jünglinge und Freunde der Gelehrsamkeit.  |b von Ludwig Wachler  |n Dritter Band 
264 3 |a Lemgo  |b im Berlage der Mayerschen Buchhandlung  |c 1796 
300 |a 6 nečíslovaných strán, 420 strán  |c 21 cm‬ 
336 |a text  |b txt  |2 rdacontent 
337 |a bez média  |b n  |2 rdamedia 
338 |a zväzok  |b nc  |2 rdacarier 
500 |a Kustódy, ilustrovaný titulný list, koncová vineta, ilustrácie 
504 |a Tlačené vysvetlivky a komentáre pod textom 
563 |a Väzba pôvodná, kožená.  |5 SNK IC 145731/3 
650 0 7 |a literárna história  |2 SNKPH  |9 1136 
710 2 |a Mayerschen Buchhandlung (Lemgo, Nemecko)  |4 prt  |9 427932 
752 |a Nemecko  |d Lemgo 
852 |a snk  |b Aponiovská knižnica  |p IC 145731/3 
958 |a DD 
958 |a ONDV 
999 |c 679939  |d 681869 
952 |t Op. III/3  |a SNK  |b SNK  |c SNK_HF  |y PREZ  |7 0  |p 17A1484670  |o snkIC 145731/3  |i snk2023/11277  |8 5  |0 0  |1 0  |4 0  |d 2023-07-25  |l 0  |r 2026-02-23 19:53:59  |w 2026-02-23